Zwycięzcy mistrzostw świata - Statystyki

Ogólne statystyki
  • Ten quiz został rozwiązany 98 razy
  • Średni wynik to 21 z 22
Statystyki odpowiedzi
Rok Kraj % Poprawnych
1978 Argentyna
99%
1986 Argentyna
99%
2022 Argentyna
99%
1998 Francja
99%
2018 Francja
99%
1954 Niemcy
98%
1974 Niemcy
98%
1990 Niemcy
98%
2014 Niemcy
98%
1958 Brazylia
96%
1962 Brazylia
96%
1970 Brazylia
96%
1994 Brazylia
96%
2002 Brazylia
96%
2010 Hiszpania
96%
1934 Włochy
93%
1938 Włochy
93%
1982 Włochy
93%
2006 Wlochy
93%
1930 Urugwaj
85%
1950 Urugwaj
85%
1966 Anglia
80%
Nie znaleziono quizów pasujących do podanych kryteriów
Rozkład punktacji
Procent ludzi z każdym wynikiem
Percentyl według liczby udzielonych odpowiedzi
Twoja historia wyników
Nie rozwiązałeś tego quizu